000 00653nam a2200253Ia 4500
003 OSt
005 20221007104630.0
006 a|||||r|||| 00| 0
007 ta
008 221006b |||||||| |||| 00| 0 eng d
024 _a16,412
037 _cTextual
040 _aLCO
_cLCO
_beng
041 _2eng
_aeng
082 _aZ2,93, M3
100 _aGoyal G.C
_9687814
245 0 _aLaw Relating to Statutory Notices in India
250 _a3rd
260 _aBaroda
_bBaroda Law House India
_c1983
300 _a410
650 _aSTATUTORY NOTICES
_9706163
942 _hZ2,93, M3
_cTEXL
999 _c1185975
_d1185975